[Event "Tata Steel Masters"]
[Date "2026.01.22"]
[White "Fedoseev, Vladimir"]
[Black "Praggnanandhaa R"]
[WhiteElo "2705"]
[BlackElo "2758"]
[Round "6.6.7"]
[Result "1/2-1/2"]

d4 {[%clk 01:59:55] [%emt 00:00:04]} d5 {[%clk 01:59:37] [%emt 00:00:23]} c4
{[%clk 01:59:45] [%emt 00:00:10]} e6 {[%clk 01:59:32] [%emt 00:00:05]} Nf3
{[%clk 01:59:16] [%emt 00:00:29]} Nf6 {[%clk 01:59:24] [%emt 00:00:07]} Nc3
{[%clk 01:58:57] [%emt 00:00:19]} Nbd7 {[%clk 01:59:18] [%emt 00:00:06]} a3
{[%clk 01:53:31] [%emt 00:05:27]} dxc4 {[%clk 01:58:04] [%emt 00:01:13]} e4
{[%clk 01:45:30] [%emt 00:08:00]} b5 {[%clk 01:57:42] [%emt 00:00:22]} Nxb5
{[%clk 01:45:24] [%emt 00:00:07]} Nxe4 {[%clk 01:57:31] [%emt 00:00:11]} Bxc4
{[%clk 01:45:20] [%emt 00:00:04]} c6 {[%clk 01:40:24] [%emt 00:17:08]} Nc3
{[%clk 01:43:32] [%emt 00:01:47]} Nxc3 {[%clk 01:35:43] [%emt 00:04:41]} bxc3
{[%clk 01:43:20] [%emt 00:00:13]} Qa5 {[%clk 01:35:38] [%emt 00:00:04]} Bd2
{[%clk 01:35:24] [%emt 00:07:57]} Ba6 {[%clk 01:35:14] [%emt 00:00:23]} Bxa6
{[%clk 01:35:03] [%emt 00:00:22]} Qxa6 {[%clk 01:35:08] [%emt 00:00:06]} Qe2
{[%clk 01:34:58] [%emt 00:00:04]} Qa4 {[%clk 01:18:49] [%emt 00:16:19]} Ne5
{[%clk 01:33:22] [%emt 00:01:36]} Nxe5 {[%clk 01:02:41] [%emt 00:16:08]} Qxe5
{[%clk 01:33:07] [%emt 00:00:15]} Qc2 {[%clk 01:01:42] [%emt 00:00:59]} Ke2
{[%clk 01:13:11] [%emt 00:19:56]} Rd8 {[%clk 00:56:28] [%emt 00:05:14]} Rhb1
{[%clk 01:07:34] [%emt 00:05:37]} Qg6 {[%clk 00:53:58] [%emt 00:02:30]} Qg3
{[%clk 01:02:25] [%emt 00:05:09]} Bd6 {[%clk 00:48:13] [%emt 00:05:44]} Qxg6
{[%clk 01:00:57] [%emt 00:01:28]} hxg6 {[%clk 00:48:10] [%emt 00:00:03]} h3
{[%clk 00:59:49] [%emt 00:01:08]} Rd7 {[%clk 00:47:36] [%emt 00:00:34]} a4
{[%clk 00:59:34] [%emt 00:00:15]} Ke7 {[%clk 00:44:54] [%emt 00:02:42]} a5
{[%clk 00:59:25] [%emt 00:00:10]} c5 {[%clk 00:41:28] [%emt 00:03:26]} a6 {[%clk
00:54:31] [%emt 00:04:54]} Rc8 {[%clk 00:38:37] [%emt 00:02:52]} Be3 {[%clk
00:48:55] [%emt 00:05:36]} cxd4 {[%clk 00:36:37] [%emt 00:01:59]} cxd4 {[%clk
00:48:47] [%emt 00:00:07]} Rc6 {[%clk 00:32:57] [%emt 00:03:40]} Rb5 {[%clk
00:44:13] [%emt 00:04:35]} Rdc7 {[%clk 00:29:53] [%emt 00:03:03]} Kf1 {[%clk
00:38:11] [%emt 00:06:03]} Rc2 {[%clk 00:27:55] [%emt 00:01:58]} Rb8 {[%clk
00:33:40] [%emt 00:04:31]} Rc8 {[%clk 00:15:54] [%emt 00:12:01]} Rb7+ {[%clk
00:29:49] [%emt 00:03:51]} R8c7 {[%clk 00:15:45] [%emt 00:00:08]} d5 {[%clk
00:27:47] [%emt 00:02:02]} Rxb7 {[%clk 00:15:01] [%emt 00:00:44]} axb7 {[%clk
00:27:42] [%emt 00:00:05]} Rb2 {[%clk 00:14:49] [%emt 00:00:12]} dxe6 {[%clk
00:27:19] [%emt 00:00:23]} Rxb7 {[%clk 00:10:26] [%emt 00:04:23]} exf7 {[%clk
00:27:06] [%emt 00:00:12]} Bb8 {[%clk 00:10:18] [%emt 00:00:08]} Ke2 {[%clk
00:24:55] [%emt 00:02:11]} Kxf7 {[%clk 00:10:11] [%emt 00:00:07]} Kd3 {[%clk
00:24:34] [%emt 00:00:21]} Bc7 {[%clk 00:08:56] [%emt 00:01:15]} Bxa7 {[%clk
00:22:39] [%emt 00:01:56]} Bb6 {[%clk 00:08:39] [%emt 00:00:16]} Bxb6 {[%clk
00:22:33] [%emt 00:00:06]} Rxb6 {[%clk 00:08:36] [%emt 00:00:03]} Ra5 {[%clk
00:21:55] [%emt 00:00:38]} Rb2 {[%clk 00:07:56] [%emt 00:00:40]} Ke3 {[%clk
00:21:50] [%emt 00:00:05]} Rc2 {[%clk 00:07:50] [%emt 00:00:06]} Kf3 {[%clk
00:51:58] [%emt 00:00:22]} Rb2 {[%clk 00:38:12] [%emt 00:00:08]} Kg3 {[%clk
00:47:32] [%emt 00:04:56]} Kg8 {[%clk 00:35:38] [%emt 00:03:04]} Ra8+ {[%clk
00:47:34] [%emt 00:00:27]} Kh7 {[%clk 00:35:14] [%emt 00:00:53]} Ra4 {[%clk
00:43:38] [%emt 00:04:28]} Rc2 {[%clk 00:34:59] [%emt 00:00:45]} Rh4+ {[%clk
00:43:48] [%emt 00:00:20]} Kg8 {[%clk 00:35:27] [%emt 00:00:02]} Rg4 {[%clk
00:44:11] [%emt 00:00:07]} Kh7 {[%clk 00:35:13] [%emt 00:00:45]} Rh4+ {[%clk
00:42:39] [%emt 00:02:01]} Kg8 {[%clk 00:35:28] [%emt 00:00:16]} Rf4 {[%clk
00:43:06] [%emt 00:00:03]} Ra2 {[%clk 00:34:56] [%emt 00:01:01]} Kg4 {[%clk
00:40:57] [%emt 00:02:39]} Ra5 {[%clk 00:34:21] [%emt 00:01:06]} Rc4 {[%clk
00:41:09] [%emt 00:00:18]} Ra2 {[%clk 00:34:05] [%emt 00:00:45]} Rc8+ {[%clk
00:41:01] [%emt 00:00:38]} Kh7 {[%clk 00:33:52] [%emt 00:00:44]} Rf8 {[%clk
00:41:22] [%emt 00:00:09]} Rb2 {[%clk 00:34:17] [%emt 00:00:05]} Kh4 {[%clk
00:38:36] [%emt 00:03:16]} Ra2 {[%clk 00:33:33] [%emt 00:01:15]} Kg3 {[%clk
00:38:54] [%emt 00:00:11]} Rb2 {[%clk 00:33:56] [%emt 00:00:06]} Ra8 {[%clk
00:39:15] [%emt 00:00:09]} Rc2 {[%clk 00:34:21] [%emt 00:00:06]} Ra5 {[%clk
00:39:28] [%emt 00:00:17]} Rb2 {[%clk 00:34:44] [%emt 00:00:07]} Re5 {[%clk
00:39:49] [%emt 00:00:08]} Ra2 {[%clk 00:35:05] [%emt 00:00:10]} Kf3 {[%clk
00:40:12] [%emt 00:00:07]} Rb2 {[%clk 00:34:52] [%emt 00:00:42]} Re2 {[%clk
00:38:23] [%emt 00:02:20]} Rb4 {[%clk 00:35:02] [%emt 00:00:19]} Ke3 {[%clk
00:38:32] [%emt 00:00:21]} Ra4 {[%clk 00:35:16] [%emt 00:00:17]} Rd2 {[%clk
00:38:35] [%emt 00:00:27]} Rb4 {[%clk 00:35:36] [%emt 00:00:09]} Rd5 {[%clk
00:38:17] [%emt 00:00:49]} Rb2 {[%clk 00:35:56] [%emt 00:00:11]} Rd4 {[%clk
00:38:12] [%emt 00:00:35]} Ra2 {[%clk 00:36:20] [%emt 00:00:05]} Rb4 {[%clk
00:38:27] [%emt 00:00:15]} Kg8 {[%clk 00:36:37] [%emt 00:00:13]} Rb7 {[%clk
00:37:57] [%emt 00:01:00]} Kh7 {[%clk 00:36:42] [%emt 00:00:25]} Rc7 {[%clk
00:38:19] [%emt 00:00:08]} Kg8 {[%clk 00:37:05] [%emt 00:00:07]} Rd7 {[%clk
00:38:44] [%emt 00:00:06]} Kh7 {[%clk 00:37:28] [%emt 00:00:07]} Rd2 {[%clk
00:39:10] [%emt 00:00:04]} Ra4 {[%clk 00:37:54] [%emt 00:00:04]} Kf3 {[%clk
00:39:29] [%emt 00:00:11]} Rb4 {[%clk 00:38:18] [%emt 00:00:06]} Rd5 {[%clk
00:39:42] [%emt 00:00:17]} Rb2 {[%clk 00:38:38] [%emt 00:00:09]} Re5 {[%clk
00:40:06] [%emt 00:00:07]} Ra2 {[%clk 00:38:54] [%emt 00:00:13]} Re2 {[%clk
00:40:26] [%emt 00:00:10]} Ra4 {[%clk 00:39:19] [%emt 00:00:05]} Re8 {[%clk
00:40:47] [%emt 00:00:09]} Ra2 {[%clk 00:39:44] [%emt 00:00:06]} Kg3 {[%clk
00:41:02] [%emt 00:00:16]} Rb2 {[%clk 00:40:01] [%emt 00:00:12]} Ra8 {[%clk
00:41:26] [%emt 00:00:06]} Rc2 {[%clk 00:40:24] [%emt 00:00:06]} Rb8 {[%clk
00:41:52] [%emt 00:00:04]} Ra2 {[%clk 00:40:50] [%emt 00:00:04]} Rb6 {[%clk
00:42:07] [%emt 00:00:15]} Rc2 {[%clk 00:41:14] [%emt 00:00:06]} Rd6 {[%clk
00:42:33] [%emt 00:00:04]} Ra2 {[%clk 00:41:41] [%emt 00:00:03]} Re6 {[%clk
00:42:53] [%emt 00:00:11]} Rb2 {[%clk 00:42:06] [%emt 00:00:05]} Re4 {[%clk
00:43:08] [%emt 00:00:15]} Ra2 {[%clk 00:42:30] [%emt 00:00:06]} f4 {[%clk
00:43:12] [%emt 00:00:26]} Rb2 {[%clk 00:40:59] [%emt 00:02:01]} Kf3 {[%clk
00:41:11] [%emt 00:02:31]} Ra2 {[%clk 00:39:34] [%emt 00:01:55]} Re3 {[%clk
00:41:34] [%emt 00:00:07]} Rb2 {[%clk 00:40:00] [%emt 00:00:04]} Re7 {[%clk
00:41:59] [%emt 00:00:06]} Ra2 {[%clk 00:40:25] [%emt 00:00:05]} Re8 {[%clk
00:42:25] [%emt 00:00:03]} Rb2 {[%clk 00:40:51] [%emt 00:00:04]} Re6 {[%clk
00:42:49] [%emt 00:00:06]} Ra2 {[%clk 00:41:16] [%emt 00:00:05]} Re4 {[%clk
00:43:15] [%emt 00:00:04]} Rb2 {[%clk 00:41:39] [%emt 00:00:06]} Re1 {[%clk
00:43:41] [%emt 00:00:05]} Ra2 {[%clk 00:42:05] [%emt 00:00:05]} Re2 {[%clk
00:44:05] [%emt 00:00:06]} Ra3+ {[%clk 00:42:13] [%emt 00:00:21]} Re3 {[%clk
00:44:28] [%emt 00:00:07]} Ra2 {[%clk 00:42:38] [%emt 00:00:05]} Re1 {[%clk
00:44:49] [%emt 00:00:09]} Rb2 {[%clk 00:43:03] [%emt 00:00:06]} Re2 {[%clk
00:45:10] [%emt 00:00:09]} Rb3+ {[%clk 00:43:28] [%emt 00:00:04]} Kg4 {[%clk
00:45:34] [%emt 00:00:06]} Rb5 {[%clk 00:43:07] [%emt 00:00:51]} Rc2 {[%clk
00:45:23] [%emt 00:00:40]} Ra5 {[%clk 00:42:58] [%emt 00:00:40]} Rb2 {[%clk
00:45:49] [%emt 00:00:05]} Rc5 {[%clk 00:43:24] [%emt 00:00:04]} Rd2 {[%clk
00:46:04] [%emt 00:00:14]} Ra5 {[%clk 00:43:48] [%emt 00:00:07]} Re2 {[%clk
00:46:19] [%emt 00:00:15]} Rb5 {[%clk 00:44:11] [%emt 00:00:06]} Re5 {[%clk
00:46:13] [%emt 00:00:37]} Rb2 {[%clk 00:44:35] [%emt 00:00:06]} Kg3 {[%clk
00:46:35] [%emt 00:00:08]} Rb3+ {[%clk 00:44:52] [%emt 00:00:12]} Kh4 {[%clk
00:46:51] [%emt 00:00:14]} Rb4 {[%clk 00:45:18] [%emt 00:00:05]} Kg4 {[%clk
00:46:06] [%emt 00:01:15]} Rb2 {[%clk 00:45:40] [%emt 00:00:07]} Kf3 {[%clk
00:46:21] [%emt 00:00:14]} Rb3+ {[%clk 00:46:05] [%emt 00:00:05]} Re3 {[%clk
00:46:46] [%emt 00:00:06]} Rb2 {[%clk 00:46:30] [%emt 00:00:04]} Re2 {[%clk
00:46:53] [%emt 00:00:23]} Rb3+ {[%clk 00:46:28] [%emt 00:00:32]} Kg4 {[%clk
00:47:11] [%emt 00:00:11]} Rb5 {[%clk 00:46:54] [%emt 00:00:04]} Kh4 {[%clk
00:47:22] [%emt 00:00:19]} Rh5+ {[%clk 00:47:16] [%emt 00:00:08]} Kg3 {[%clk
00:47:48] [%emt 00:00:04]} Ra5 {[%clk 00:47:42] [%emt 00:00:04]} Re5 {[%clk
00:47:43] [%emt 00:00:35]} Ra2 {[%clk 00:48:03] [%emt 00:00:08]} Rc5 {[%clk
00:48:07] [%emt 00:00:07]} Rb2 {[%clk 00:48:27] [%emt 00:00:06]} Ra5 {[%clk
00:48:33] [%emt 00:00:05]} Rc2 {[%clk 00:48:53] [%emt 00:00:04]} Rb5 {[%clk
00:48:58] [%emt 00:00:06]} Ra2 {[%clk 00:49:19] [%emt 00:00:03]} Rc5 {[%clk
00:49:22] [%emt 00:00:06]} Rb2 {[%clk 00:49:44] [%emt 00:00:04]} Rd5 {[%clk
00:49:29] [%emt 00:00:23]} Ra2 {[%clk 00:50:00] [%emt 00:00:15]} Rd3 {[%clk
00:49:55] [%emt 00:00:03]} Rb2 {[%clk 00:50:23] [%emt 00:00:07]} Ra3 {[%clk
00:50:21] [%emt 00:00:04]} Rc2 {[%clk 00:50:49] [%emt 00:00:03]} Rb3 {[%clk
00:50:46] [%emt 00:00:06]} Ra2 {[%clk 00:51:15] [%emt 00:00:04]} Rb8 {[%clk
00:51:01] [%emt 00:00:14]} Rc2 {[%clk 00:51:42] [%emt 00:00:04]} Rd8 {[%clk
00:51:14] [%emt 00:00:18]} Ra2 {[%clk 00:52:06] [%emt 00:00:05]} Rd3 {[%clk
00:51:35] [%emt 00:00:09]} Rb2 {[%clk 00:52:32] [%emt 00:00:04]} Kf3 {[%clk
00:51:58] [%emt 00:00:07]} Ra2 {[%clk 00:52:58] [%emt 00:00:05]} Rc3 {[%clk
00:52:23] [%emt 00:00:05]} Rb2 {[%clk 00:53:23] [%emt 00:00:05]} Ra3 {[%clk
00:52:49] [%emt 00:00:05]} Rc2 {[%clk 00:53:50] [%emt 00:00:03]} Re3 {[%clk
00:53:06] [%emt 00:00:12]} Rb2 {[%emt 00:01:11]}

[Site "Europe Echecs"]

[Event "Tata Steel Masters"]
[Date "2026.01.23"]
[White "Nguyen, Thai Dai Van"]
[Black "Fedoseev, Vladimir"]
[WhiteElo "2656"]
[BlackElo "2705"]
[Round "7.7.1"]
[Result "1/2-1/2"]

d4 {[%clk 01:59:57] [%emt 00:00:03]} Nf6 {[%clk 01:51:56] [%emt 00:08:05]} c4
{[%clk 01:59:45] [%emt 00:00:11]} e6 {[%clk 01:51:51] [%emt 00:00:05]} Nf3
{[%clk 01:59:35] [%emt 00:00:10]} d5 {[%clk 01:51:41] [%emt 00:00:09]} Nc3
{[%clk 01:59:29] [%emt 00:00:06]} Bb4 {[%clk 01:51:34] [%emt 00:00:08]} Qa4+
{[%clk 01:59:11] [%emt 00:00:18]} Nc6 {[%clk 01:51:27] [%emt 00:00:07]} e3
{[%clk 01:58:51] [%emt 00:00:20]} O-O {[%clk 01:51:18] [%emt 00:00:09]} Qc2
{[%clk 01:58:20] [%emt 00:00:32]} Re8 {[%clk 01:48:58] [%emt 00:02:20]} Bd2
{[%clk 01:57:30] [%emt 00:00:50]} Bf8 {[%clk 01:48:32] [%emt 00:00:25]} Be2
{[%clk 01:57:18] [%emt 00:00:12]} Nb4 {[%clk 01:43:06] [%emt 00:05:26]} Qb1
{[%clk 01:57:11] [%emt 00:00:07]} c5 {[%clk 01:39:46] [%emt 00:03:19]} dxc5
{[%clk 01:45:59] [%emt 00:11:13]} Bxc5 {[%clk 01:39:38] [%emt 00:00:08]} O-O
{[%clk 01:36:31] [%emt 00:09:27]} Nc6 {[%clk 01:34:52] [%emt 00:04:47]} Rd1
{[%clk 01:32:08] [%emt 00:04:22]} Qe7 {[%clk 01:33:57] [%emt 00:00:55]} Qc2
{[%clk 01:11:42] [%emt 00:20:26]} Bd7 {[%clk 01:24:19] [%emt 00:09:38]} Rac1
{[%clk 01:09:39] [%emt 00:02:03]} Bb6 {[%clk 01:14:40] [%emt 00:09:39]} Na4
{[%clk 00:51:33] [%emt 00:18:06]} Ba5 {[%clk 01:07:08] [%emt 00:07:32]} cxd5
{[%clk 00:45:52] [%emt 00:05:41]} exd5 {[%clk 01:06:58] [%emt 00:00:10]} Bxa5
{[%clk 00:40:15] [%emt 00:05:37]} Nxa5 {[%clk 01:06:51] [%emt 00:00:07]} Nc3
{[%clk 00:40:07] [%emt 00:00:08]} Rac8 {[%clk 01:02:44] [%emt 00:04:07]} Qd2
{[%clk 00:38:06] [%emt 00:02:02]} Bc6 {[%clk 00:57:49] [%emt 00:04:55]} Nd4
{[%clk 00:33:55] [%emt 00:04:11]} Qb4 {[%clk 00:55:00] [%emt 00:02:49]} Ne4
{[%clk 00:25:27] [%emt 00:08:28]} Qxd2 {[%clk 00:54:24] [%emt 00:00:36]} Nxf6+
{[%clk 00:25:22] [%emt 00:00:04]} gxf6 {[%clk 00:54:19] [%emt 00:00:06]} Rxd2
{[%clk 00:25:20] [%emt 00:00:03]} Bd7 {[%clk 00:54:10] [%emt 00:00:08]} Rdc2
{[%clk 00:22:12] [%emt 00:03:08]} Nc6 {[%clk 00:52:02] [%emt 00:02:08]} Nb5
{[%clk 00:14:44] [%emt 00:07:28]} Red8 {[%clk 00:48:37] [%emt 00:03:25]} Rc5
{[%clk 00:10:37] [%emt 00:04:08]} a6 {[%clk 00:45:31] [%emt 00:03:06]} Nd4
{[%clk 00:07:02] [%emt 00:03:34]} Nxd4 {[%clk 00:38:01] [%emt 00:07:31]} exd4
{[%clk 00:07:01] [%emt 00:00:01]} Rb8 {[%clk 00:37:28] [%emt 00:00:33]} Rc7
{[%clk 00:05:26] [%emt 00:01:34]} Bf5 {[%clk 00:32:39] [%emt 00:04:49]} R1c3
{[%clk 00:04:22] [%emt 00:01:04]} Rd6 {[%clk 00:31:58] [%emt 00:00:41]} Kf1
{[%clk 00:02:36] [%emt 00:01:46]} Re6 {[%clk 00:28:48] [%emt 00:03:10]} Rc8+
{[%clk 00:01:26] [%emt 00:01:11]} Rxc8 {[%clk 00:28:41] [%emt 00:00:08]} Rxc8+
{[%clk 00:01:25] [%emt 00:00:01]} Kg7 {[%clk 00:28:22] [%emt 00:00:18]} Rc5
{[%clk 00:01:17] [%emt 00:00:08]} Be4 {[%clk 00:28:14] [%emt 00:00:09]} f3
{[%clk 00:01:00] [%emt 00:00:17]} Bb1 {[%clk 00:28:11] [%emt 00:00:03]} a3
{[%clk 00:00:45] [%emt 00:00:15]} Ba2 {[%clk 00:26:22] [%emt 00:01:48]} Kf2
{[%clk 00:00:44] [%emt 00:00:01]} Bb3 {[%clk 00:25:57] [%emt 00:00:25]} Rc3
{[%clk 00:00:27] [%emt 00:00:17]} Rb6 {[%clk 00:25:52] [%emt 00:00:05]} Ke3
{[%clk 00:30:39] [%emt 00:00:18]} f5 {[%clk 00:50:41] [%emt 00:05:40]} Kf4
{[%clk 00:21:48] [%emt 00:09:21]} Kf6 {[%clk 00:49:30] [%emt 00:01:41]} Rc5
{[%clk 00:19:14] [%emt 00:03:04]} Bc4 {[%clk 00:39:53] [%emt 00:10:08]} Bxc4
{[%clk 00:19:30] [%emt 00:00:14]} dxc4 {[%clk 00:40:19] [%emt 00:00:03]} Rxf5+
{[%clk 00:17:46] [%emt 00:02:13]} Ke6 {[%clk 00:40:24] [%emt 00:00:25]} Rc5
{[%clk 00:10:10] [%emt 00:08:06]} Rxb2 {[%clk 00:40:34] [%emt 00:00:19]} Rxc4
{[%clk 00:10:39]} Kd6 {[%clk 00:35:29] [%emt 00:05:37]} a4 {[%clk 00:09:54]
[%emt 00:01:16]} b6 {[%clk 00:34:13] [%emt 00:01:45]} g4 {[%clk 00:07:47] [%emt
00:02:37]} Rxh2 {[%clk 00:31:16] [%emt 00:03:27]} Rb4 {[%clk 00:08:11] [%emt
00:00:06]} Kc6 {[%clk 00:31:41] [%emt 00:00:05]} Rc4+ {[%clk 00:08:38] [%emt
00:00:03]} Kd7 {[%clk 00:25:52] [%emt 00:06:19]} Rb4 {[%clk 00:08:49] [%emt
00:00:20]} Rh6 {[%clk 00:24:37] [%emt 00:01:45]} d5 {[%clk 00:07:52] [%emt
00:01:27]} b5 {[%clk 00:22:53] [%emt 00:02:14]} Ke5 {[%clk 00:06:08] [%emt
00:02:14]} bxa4 {[%clk 00:19:01] [%emt 00:04:22]} Rxa4 {[%clk 00:04:53] [%emt
00:01:45]} Rb6 {[%clk 00:19:09] [%emt 00:00:22]} g5 {[%clk 00:03:25] [%emt
00:01:57]} h6 {[%clk 00:19:26] [%emt 00:00:13]} Rf4 {[%clk 00:02:58] [%emt
00:00:58]} Ke7 {[%clk 00:19:38] [%emt 00:00:17]} gxh6 {[%clk 00:03:13] [%emt
00:00:15]} Rxh6 {[%clk 00:20:03] [%emt 00:00:04]} d6+ {[%clk 00:03:31] [%emt
00:00:12]} Rxd6 {[%clk 00:20:27] [%emt 00:00:06]} Rxf7+ {[%clk 00:03:58] [%emt
00:00:03]} Kxf7 {[%clk 00:20:51] [%emt 00:00:06]} Kxd6 {[%clk 00:04:26] [%emt
00:00:02]} Kf6 {[%clk 00:21:14] [%emt 00:00:07]} Kc5 {[%clk 00:04:53] [%emt
00:00:03]} Kf5 {[%clk 00:21:40] [%emt 00:00:05]} Kb6 {[%clk 00:05:20] [%emt
00:00:03]} Kf4 {[%clk 00:22:06] [%emt 00:00:03]} Kxa6 {[%clk 00:05:47] [%emt
00:00:04]} Kg3 {[%clk 00:22:32] [%emt 00:00:04]} f4 {[%clk 00:06:12] [%emt
00:00:05]} Kxf4 {[%clk 00:22:59] [%emt 00:00:03]}

[Site "Europe Echecs"]

[Event "Tata Steel Masters"]
[Date "2026.01.23"]
[White "Praggnanandhaa R"]
[Black "Bluebaum, Matthias"]
[WhiteElo "2758"]
[BlackElo "2679"]
[Round "7.7.2"]
[Result "1/2-1/2"]

d4 {[%clk 01:59:18] [%emt 00:00:41]} d5 {[%clk 01:59:50] [%emt 00:00:11]} c4
{[%clk 01:59:05] [%emt 00:00:13]} e6 {[%clk 01:59:37] [%emt 00:00:13]} Nf3
{[%clk 01:58:24] [%emt 00:00:41]} Nf6 {[%clk 01:59:28] [%emt 00:00:10]} e3
{[%clk 01:58:08] [%emt 00:00:16]} b6 {[%emt 00:02:09]} b3 {[%clk 01:57:46] [%emt
00:00:15]} Bb7 {[%clk 01:52:58] [%emt 00:04:27]} Bb2 {[%clk 01:57:27] [%emt
00:00:19]} Bd6 {[%clk 01:51:49] [%emt 00:01:08]} Bd3 {[%clk 01:57:01] [%emt
00:00:26]} O-O {[%clk 01:51:25] [%emt 00:00:25]} O-O {[%clk 01:56:54] [%emt
00:00:06]} Nbd7 {[%clk 01:50:35] [%emt 00:00:50]} Nbd2 {[%clk 01:56:27] [%emt
00:00:27]} Ne4 {[%clk 01:49:15] [%emt 00:01:20]} Rc1 {[%clk 01:55:10] [%emt
00:01:17]} Qe7 {[%clk 01:48:05] [%emt 00:01:11]} b4 {[%clk 01:51:51] [%emt
00:03:19]} Nxd2 {[%clk 01:47:36] [%emt 00:00:29]} Nxd2 {[%clk 01:51:41] [%emt
00:00:10]} dxc4 {[%clk 01:47:33] [%emt 00:00:03]} Nxc4 {[%clk 01:50:16] [%emt
00:01:25]} Bxb4 {[%clk 01:47:28] [%emt 00:00:05]} a3 {[%clk 01:47:27] [%emt
00:02:49]} Bd6 {[%clk 01:45:49] [%emt 00:01:39]} Nxd6 {[%clk 01:47:06] [%emt
00:00:21]} cxd6 {[%clk 01:45:45] [%emt 00:00:05]} Rc7 {[%emt 00:01:47]} Rab8
{[%clk 01:45:09] [%emt 00:00:27]} Qh5 {[%emt 00:16:55]} h6 {[%clk 00:56:37]
[%emt 00:36:20]} d5 {[%clk 01:34:53] [%emt 00:05:51]} Qd8 {[%emt 00:23:56]} dxe6
{[%clk 01:22:09] [%emt 00:04:42]} Qxc7 {[%clk 00:40:33] [%emt 00:00:11]} Qf5
{[%clk 01:21:10] [%emt 00:00:59]} g6 {[%clk 00:36:25] [%emt 00:04:09]} exf7+
{[%clk 01:20:46] [%emt 00:00:24]} Rxf7 {[%clk 00:36:23] [%emt 00:00:01]} Qxg6+
{[%clk 01:20:11] [%emt 00:00:35]} Kf8 {[%emt 00:03:37]} Rc1 {[%emt 00:04:20]}
Nc5 {[%clk 00:31:54] [%emt 00:00:24]} Bc4 {[%emt 00:04:10]} d5 {[%clk 00:28:42]
[%emt 00:02:45]} Qxh6+ {[%clk 01:08:30] [%emt 00:04:05]} Ke7 {[%clk 00:28:34]
[%emt 00:00:08]} Qg5+ {[%clk 01:07:40] [%emt 00:00:50]} Kf8 {[%emt 00:20:11]}
Be5 {[%clk 00:50:27] [%emt 00:06:28]} Qd8 {[%clk 00:19:00] [%emt 00:00:08]} Qh6+
{[%clk 00:44:30] [%emt 00:05:57]} Ke7 {[%clk 00:18:59] [%emt 00:00:02]} Be2
{[%clk 00:26:17] [%emt 00:18:12]} Rc8 {[%clk 00:18:34] [%emt 00:00:25]} Qg5+
{[%clk 00:23:38] [%emt 00:02:38]} Kf8 {[%clk 00:18:24] [%emt 00:00:11]} Qh6+
{[%clk 00:23:28] [%emt 00:00:10]} Ke7 {[%clk 00:18:23] [%emt 00:00:02]} Qg5+
{[%clk 00:20:29] [%emt 00:02:59]} Kf8 {[%clk 00:18:14] [%emt 00:00:10]} Qh6+
{[%clk 00:20:26] [%emt 00:00:03]}

[Site "Europe Echecs"]